• 首页
  • 本馆介绍
  • 公告通知
  • 最新文献
  • 馆藏检索
  • 电子资源
  • 读者导购
  • 参考咨询
  • 我的图书馆
  • 登录
  • 详细信息显示
  • 放入我的书架
  • 预约/预借图书
  • 作者相关作品
  • 分类相关作品
  • 丛书相关作品
  • 出版社相关作品

书目信息

  • 表格格式
  • 工作单格式
  • 卡片格式
题名:
氯碱-聚氯乙烯生产操作
    
 
作者: 马金才 , 刘玉星 主编
分册:  
出版信息: 北京   化学工业出版社  2013.04
页数: 250页
开本: 26cm
丛书名:
单 册:
中图分类: TQ114 , TQ325.306
科图分类:
主题词: 氯碱生产--高等职业教育--教材 , 聚氯乙烯--生产工艺--高等职业教育--教材 , 氯碱生产 , 聚氯乙烯
电子资源:
ISBN: 978-7-122-16160-4
000 01200nam0 2200313 450
001 010010111972
005 20140610085748.93
010    @a978-7-122-16160-4@dCNY32.00
100    @a20130313d2013 em y0chiy50 ea
101 0  @achi
102    @aCN@b110000
105    @aak z 000yy
106    @ar
200 1  @a氯碱-聚氯乙烯生产操作@9lu^ jian - ju lu^ yi xi sheng chan cao zuo@f马金才,刘玉星主编
210    @a北京@c化学工业出版社@d2013.04
215    @a250页@c图@d26cm
300    @a高职高专“十二五”规划教材
330    @a本书主要介绍离子膜电解法制碱、电石法生产聚氯乙烯的生产技术,涉及相关的工艺路线分析、工艺条件控制、工艺流程的组织、安全生产技术。内容包括绪论、盐水一次精制、盐水二次精制、离子膜电解、碱液蒸发、氯氢处理、氢气处理、乙炔的生产等。
333    @a本书可作为高职高专院校化工类专业教材,也可供从事氯碱聚氯乙烯生产的技术人员参考
606 0  @a氯碱生产@x高等职业教育@j教材
606 0  @a聚氯乙烯@x生产工艺@x高等职业教育@j教材
606 0  @a氯碱生产
606 0  @a聚氯乙烯
690    @aTQ114@v5
690    @aTQ325.306@v5
701  0 @a马金才@9ma jin cai@4主编
701  0 @a刘玉星@9liu yu xing@4主编
801  0 @aCN@b人天书店@c20130313
905    @b846917-19@dTQ114@e22@f3
    
    氯碱-聚氯乙烯生产操作/马金才,刘玉星主编.-北京:化学工业出版社,2013.04
    250页:图;26cm
    高职高专“十二五”规划教材.-使用对象:本书可作为高职高专院校化工类专业教材,也可供从事氯碱聚氯乙烯生产的技术人员参考
    
    ISBN 978-7-122-16160-4:CNY32.00
    本书主要介绍离子膜电解法制碱、电石法生产聚氯乙烯的生产技术,涉及相关的工艺路线分析、工艺条件控制、工艺流程的组织、安全生产技术。内容包括绪论、盐水一次精制、盐水二次精制、离子膜电解、碱液蒸发、氯氢处理、氢气处理、乙炔的生产等。
●
相关链接 在E读中查询图书 在五车中查询图书 在当当中查询图书 在豆瓣中查询图书


正题名:氯碱-聚氯乙烯生产操作     索取号:TQ114/22         预约/预借

序号 登录号 条形码 馆藏地/架位号 状态 备注
1 846917   208469174   第二样本阅览室/ [索取号:TQ114/22] 在馆    
2 846918   208469183   密集书库-化学系/ [索取号:TQ114/22] 在馆    
3 846919   208469192   第三借阅区/ [索取号:TQ114/22] 在馆    
唐山师范学院图书馆 欢迎您!
大连网信软件有限公司© 版权所有